Statystyki dla Największe wyspy w Chorwacji

Kliknij tutaj aby rozwiązać quiz!

Ogólne statystyki

  • Ten quiz został rozwiązany 36 razy
  • Średni wynik to 4 z 10

Statystyki odpowiedzi

Powierzchnia wyspy w km2Odpowiedź% Poprawnych
405Krk
87%
297Hvar
60%
395Brač
57%
404Cres
50%
271Korčula
43%
284Pag
37%
86Rab
27%
90Vis
13%
113Dugi Otok
10%
98Mljet
10%

Rozkład punktacji

Percentyl według liczby udzielonych odpowiedzi

Procent ludzi z każdym wynikiem

Twoja historia wyników

Nie rozwiązałeś tego quizu